| 000 | 00638 a2200193 4500 | ||
|---|---|---|---|
| 999 |
_c5515 _d5515 |
||
| 010 | _aENG-86888 | ||
| 020 |
_c595.00 _a0195690712 |
||
| 035 | _aEN-70421 | ||
| 037 | _bDBAD / PUB | ||
| 082 | 1 | 4 | _a301 |
| 245 | 1 |
_aHistorical anthropology / _ced. by Saurabh Dube |
|
| 260 |
_aNew Delhi _bOxford University Press _c2007 |
||
| 270 |
_aYMCA Library Building, Jai Singh Road _bNew Delhi _e110 045 |
||
| 300 |
_axiv, 427p _c22cm (Hb) |
||
| 490 | _aOxford in India readings in sociology and social anthropology edited by T.N. Madan | ||
| 500 | _aIncludes index | ||
| 700 | _aDube, Saurabh | ||
| 942 |
_adpl _cEN _2ddc _h301 _mHIS |
||